| 000 | 00473nam a2200193Ia 4500 | ||
|---|---|---|---|
| 003 | OSt | ||
| 005 | 20260219163811.0 | ||
| 008 | 210210b xxu||||| |||| 00| 0 eng d | ||
| 040 | _cAL | ||
| 041 | _aeng | ||
| 082 | _a823/238 | ||
| 100 |
_aWilliam Shakespeare _969160 |
||
| 245 | _aDudor Shakespeare | ||
| 260 |
_aNew York _bMacmillan & Co. Ltd. _c1940 |
||
| 650 |
_aMidsummer Nights Dream _969161 |
||
| 650 |
_aEnglish Drama _969162 |
||
| 906 | _a013783 | ||
| 942 |
_2ddc _cBK |
||
| 999 |
_c132840 _d132840 |
||